Latin : imparfait de l'indicatif - Statistiques

Statistiques générales
  • Ce quiz a été pris 64 fois
  • Le résultat moyen est 27 sur 30
Statistiques - réponses
Conjugaison Sujet Radical Terminaison % Correct
Première 1PS ama bam
100%
Première 2PS ama bas
100%
Première 3PS ama bat
100%
Première 1PP ama bamus
98%
Deuxième 1PS mone bam
95%
Première 3PP ama bant
95%
Première 2PP ama batis
95%
Deuxième 1PP mone bamus
93%
Deuxième 2PS mone bas
93%
Deuxième 3PS mone bat
93%
Deuxième 3PP mone bant
91%
Deuxième 2PP mone batis
91%
Troisième (mixte) 1PS capi ebam
90%
Quatrième 1PS audi ebam
90%
Troisième 1PP leg ebamus
90%
Troisième (mixte) 1PP capi ebamus
90%
Quatrième 1PP audi ebamus
90%
Troisième 2PS leg ebas
90%
Troisième (mixte) 2PS capi ebas
90%
Quatrième 2PS audi ebas
90%
Troisième 3PS leg ebat
90%
Troisième (mixte) 3PS capi ebat
90%
Quatrième 3PS audi ebat
90%
Troisième 1PS leg ebam
88%
Troisième 3PP leg ebant
88%
Troisième (mixte) 3PP capi ebant
88%
Quatrième 3PP audi ebant
88%
Troisième 2PP leg ebatis
88%
Troisième (mixte) 2PP capi ebatis
88%
Quatrième 2PP audi ebatis
88%
Aucun quiz correspondant
Distribution des résultats
% des personnes avec chaque résultat
Percentile par nombre de réponses
Votre historique - résultats
Vous n’avez pas pris ce quiz